Catálogo - Centro de Recursos para el Aprendizaje y la Investigación

Volver al Sitio - CRAI Biblioteca

La legitimidad pasiva en el amparo / (Registro nro. 114456)

Detalles MARC
000 -CABECERA
campo de control de longitud fija 00823nam a22002297a 4500
001 - NÚMERO DE CONTROL
campo de control 114456
003 - IDENTIFICADOR DEL NÚMERO DE CONTROL
campo de control DR-UNIBE
005 - FECHA Y HORA DE LA ÚLTIMA TRANSACCIÓN
campo de control 20260323112352.0
008 - DATOS DE LONGITUD FIJA--INFORMACIÓN GENERAL
campo de control de longitud fija 260313b2006 pn ||||| |||| 00| 0 spa d
020 ## - NÚMERO INTERNACIONAL ESTÁNDAR DEL LIBRO
Número Internacional Estándar del Libro 9962001110
040 ## - FUENTE DE LA CATALOGACIÓN
Centro catalogador/agencia de origen BIBLIOTECA UNIBE
Lengua de catalogación spa
Centro/agencia transcriptor BIBLIOTECA UNIBE
Normas de descripción rda
041 ## - CÓDIGO DE LENGUA
Código de lengua del texto/banda sonora o título independiente spa
082 ## - NÚMERO DE LA CLASIFICACIÓN DECIMAL DEWEY
Número de clasificación 342.085 M976L
100 ## - ENTRADA PRINCIPAL--NOMBRE DE PERSONA
Nombre de persona Murgas Torrazza, Rafael Ángel
Término indicativo de función/relación autor
9 (RLIN) 203256
245 13 - MENCIÓN DE TÍTULO
Título La legitimidad pasiva en el amparo /
Mención de responsabilidad, etc. Rafael Ángel Murgas Torrazza
260 ## - PUBLICACIÓN, DISTRIBUCIÓN, ETC.
Lugar de publicación, distribución, etc. Panamá :
Nombre del editor, distribuidor, etc. Articsa,
Fecha de publicación, distribución, etc. 2006
300 ## - DESCRIPCIÓN FÍSICA
Extensión 136 páginas
505 ## - NOTA DE CONTENIDO CON FORMATO
Nota de contenido con formato I. Cuestiones preliminares |<br/>II. la legitimidad pasiva en España |<br/>III. La legitimidad pasiva en Panamá |<br/>
650 #7 - PUNTO DE ACCESO ADICIONAL DE MATERIA--TÉRMINO DE MATERIA
Fuente del encabezamiento o término lemb
Término de materia o nombre geográfico como elemento de entrada Recurso de amparo
Subdivisión geográfica Panama
9 (RLIN) 203602
650 #7 - PUNTO DE ACCESO ADICIONAL DE MATERIA--TÉRMINO DE MATERIA
Fuente del encabezamiento o término lemb
Término de materia o nombre geográfico como elemento de entrada Derecho constitucional
Subdivisión general Procedimiento
Subdivisión geográfica Panama
9 (RLIN) 203603
942 ## - ELEMENTOS DE PUNTO DE ACCESO ADICIONAL (KOHA)
Fuente del sistema de clasificación o colocación Sistema de Clasificación Decimal Dewey
Tipo de ítem Koha Libro (general)
Existencias
Estado de retiro Estado de pérdida Fuente del sistema de clasificación o colocación No para préstamo Código de colección Localización permanente Fecha de adquisición Total de préstamos Signatura topográfica completa Código de barras Fecha visto por última vez Número de copia Precio válido a partir de Tipo de ítem Koha
  Disponible Sistema de Clasificación Decimal Dewey   General Biblioteca Central UNIBE 01/01/2026   342.085 M976L 260145 23/03/2026 Ej. 1 23/03/2026 Libro (general)